Clic Le vocabulaire de Rabelais - Statistiques

Statistiques générales
  • Ce quiz a été pris 58 fois
  • Le résultat moyen est 6 sur 20
Statistiques - réponses
Hint Réponse % Correct
Très jeune enfant Poupon
68%
Avoir une relation sexuelle Frotter le lard
55%
Navet Naveau
55%
Qui se meut seul Automate
48%
Egorger à petits coups Esguorgeter
48%
Réparateur de souliers Rataconneur
42%
Restes de nourriture Rogatons
42%
Habitant d'un lieu Indigène
32%
Celui qui ne sait pas rire Agélaste
29%
Vêtir Houser
26%
Séparer la farine du son Beluter
23%
Otage Houstagier
19%
Boue Bornille
10%
Hérétique Bougre
10%
Prostituée Caisgne
10%
Hypocrite Mitouflé
10%
Pourpoint sans manche Vasquine
10%
Appât Bouconé
6%
Palissade Hord
6%
Faisceau de branches de vigne garnies de raisins Moussine
6%
Aucun quiz correspondant
Distribution des résultats
% des personnes avec chaque résultat
Percentile par nombre de réponses
Votre historique - résultats
Vous n’avez pas pris ce quiz